Don't sprint the marathon / (Record no. 20126)
[ view plain ]
| 000 -LEADER | |
|---|---|
| fixed length control field | 00466nam a22001697a 4500 |
| 003 - CONTROL NUMBER IDENTIFIER | |
| control field | OSt |
| 008 - FIXED-LENGTH DATA ELEMENTS--GENERAL INFORMATION | |
| fixed length control field | 240120b2010 |||||||| |||| 00| 0 eng d |
| 020 ## - INTERNATIONAL STANDARD BOOK NUMBER | |
| International Standard Book Number | 9788172238575 |
| 082 ## - DEWEY DECIMAL CLASSIFICATION NUMBER | |
| Classification number | 370 |
| Item number | RAG-D |
| 100 ## - MAIN ENTRY--PERSONAL NAME | |
| Personal name | Raghunathan, V. |
| 245 ## - TITLE STATEMENT | |
| Title | Don't sprint the marathon / |
| Statement of responsibility, etc | V. Raghunathan. |
| 260 ## - PUBLICATION, DISTRIBUTION, ETC. (IMPRINT) | |
| Place of publication, distribution, etc | New York : |
| Name of publisher, distributor, etc | HarperCollins Publishers India , |
| Date of publication, distribution, etc | 2010. |
| 300 ## - PHYSICAL DESCRIPTION | |
| Extent / Pages | xi, 169 p. ; |
| 650 ## - SUBJECT ADDED ENTRY--TOPICAL TERM | |
| Topical term or geographic name as entry element | Education-Parent participation |
| 650 ## - SUBJECT ADDED ENTRY--TOPICAL TERM | |
| Topical term or geographic name as entry element | Success |
| 942 ## - ADDED ENTRY ELEMENTS (KOHA) | |
| Source of classification or shelving scheme | |
| Koha item type | Books |
| Withdrawn status | Lost status | Source of classification or shelving scheme | Damaged status | Not for loan | Home library | Current library | Date acquired | Currency | Cost, normal purchase price | Total Checkouts | Full call number | Barcode | Date last seen | Copy number | Bill Date | Koha item type |
|---|---|---|---|---|---|---|---|---|---|---|---|---|---|---|---|---|
| SOBD Library | SOBD Library | 20/01/2024 | INR | 199.00 | 370 RAG-D1 | SD1775 | 20/01/2024 | 1 | 20/01/2024 | Books |